Influências do Diâmetro e Umidade da Madeira na Qualidade do Tratamento Preservativo (Registro n. 340494)
[ somente texto ]
| 000 -LÍDER | |
|---|---|
| fixed length control field | 03160nab a2200301 i 4500 |
| 003 - CÓDIGO MARC DA AGÊNCIA CATALOGADORA | |
| Campo de controle | BR-BrBNA |
| 005 - DATA E HORA DA ÚLTIMA ATUALIZAÇÃO | |
| Campo de controle | 20260320170236.0 |
| 008 - CAMPO DE TAMANHO FIXO | |
| fixed length control field | 260320b2017 bl.ar|pooa||| 00| 0 por | |
| 040 ## - FONTE DA CATALOGAÇÃO | |
| Agência catalogadora | BR-BrBNA |
| Idioma da catalogação | por |
| 072 ## - CATEGORIA AGRIS | |
| Código AGRIS | K50 |
| Código do objeto | 3240 |
| 072 ## - CATEGORIA AGRIS | |
| Código AGRIS | J12 |
| 100 ## - ENTRADA PRINCIPAL - NOME PESSOAL | |
| Nome pessoal | Lopes, Dercílio Junior Verly |
| 100 ## - ENTRADA PRINCIPAL - NOME PESSOAL | |
| Nome pessoal | Paes, Juarez Benigno |
| 100 ## - ENTRADA PRINCIPAL - NOME PESSOAL | |
| Nome pessoal | Jankowsky, Ivaldo Pontes |
| 100 ## - ENTRADA PRINCIPAL - NOME PESSOAL | |
| Nome pessoal | Segundinho, Pedro Gutemberg de Alcântara |
| 100 ## - ENTRADA PRINCIPAL - NOME PESSOAL | |
| Nome pessoal | Vidaurre, Graziela Baptista |
| 245 ## - TÍTULO PRINCIPAL | |
| Título principal | Influências do Diâmetro e Umidade da Madeira na Qualidade do Tratamento Preservativo |
| 500 ## - NOTA GERAL | |
| Nota geral | Publicação on-line; 19 ref.; 6 tables; 5 illus.; Summaries (En, Pt) |
| 942 ## - ADDED ENTRY ELEMENTS (KOHA) | |
| Koha item type | Analítica |
| 520 ## - NOTA DE RESUMO | |
| Nota de conteúdo | <br/><br/>RESUMO<br/><br/>Avaliaram-se os efeitos do teor de umidade e classe diamétrica na qualidade do tratamento<br/>de moirões de Corymbia torelliana e Eucalyptus grandis x Eucalyptus urophylla. Utilizaram-se<br/>108 moirões, sendo 36 tratados e 18 não tratados, com 2,20 m de comprimento e umidade de<br/>15 a 20%; 20 a 30%; 30 a 40%, e diâmetros de 8 a 10 cm; 10 a 12 cm; 12 a 14 cm. No tratamento,<br/>foram utilizados 2% de ingredientes ativos de CCA-C, vácuo inicial e final de 550 mmHg (30 min),<br/>pressão de 11 kgf cm-2 (1 h). Os moirões tiveram a umidade avaliada pelo medidor elétrico, que<br/>foi adequado para estimar a umidade destes. Obtiveram-se penetrações satisfatórias e a maior<br/>retenção foi obtida nos moirões com umidade de 15 a 20% (8,23 kg m-3), contudo, umidade<br/>de 30 a 40% também foi adequada ao tratamento da madeira, obtendo valores superiores a 6,5 kg m-3.<br/><br/>Palavras-chave: tratamento de moirões, arseniato de cobre cromatado, penetração, retenção.<br/><br/><br/><br/><br/><br/>Influences of Diameter and Wood Moisture on Quality of the Preservative Treatment<br/><br/>ABSTRACT<br/><br/>Were evaluated the effects of moisture content and diametric class in industrial treatment<br/>quality of Corymbia torelliana and Eucalyptus grandis x Eucalyptus urophylla fence posts.<br/>108 fence posts were used, 36 treated and 18 non-treated, with 2.20m long and moisture content<br/>of 15 to 20%; 20 to 30%; and 30 to 40% and diameters of 8 to 10cm; 10 to 12cm; 12 to 14cm.<br/>For treatment, were used 2% active ingredients of CCA-C, initial and final vacuum 550 mmHg<br/>(30min), pressure of 11 kgf cm-2 (1h). The fence posts were evaluated by electric meter that<br/>was adequate to estimate the moisture. Satisfactory penetrations were obtained and the biggest<br/>retention was reached in fence posts with moisture of 15 to 20% (8.23 kg m-3), however, the<br/>moisture content of 30 to 40% was also suitable for the treatment of wood, getting values higher<br/>than 6.5 kg m-3.<br/><br/>Keywords: treatment of fence posts, chromium copper arsenate, penetration,<br/>retention. |
| 650 ## - ASSUNTO - THESAGRO | |
| Cabeçalho tópico ou nome geográfico | MOURÃO |
| 650 ## - ASSUNTO - THESAGRO | |
| Cabeçalho tópico ou nome geográfico | MADEIRA |
| 650 ## - ASSUNTO - THESAGRO | |
| Cabeçalho tópico ou nome geográfico | TEOR DE UMIDADE |
| 650 ## - ASSUNTO - THESAGRO | |
| Cabeçalho tópico ou nome geográfico | DIÂMETRO |
| 773 0# - ENTRADA ANALÍTICA | |
| Host Biblionumber | 2929 |
| Registro do item | 347945 |
| Imprenta | Rio de Janeiro-RJ Instituto de Florestas - UFRRJ 1994 |
| Outro identificador | 2025-0444 |
| Título | Floresta e Ambiente (Brazil) |
| ISSN | 1415-0980 / ISSN 2179-8087 0nline |
| Colação | v. 24 p. 1-10; (2017) |
| Número de controle de registro | BR2026000259 |
| 856 ## - ACESSO E ENDEREÇO ELETRÔNICO | |
| Identificador uniforme de recurso - URI | https://www.scielo.br/j/floram/a/ZhbKYRHDzjmrQSzzPjtWs4D/?format=pdf&lang=pt |
Nenhum exemplar disponível.

BINAGRI